000 01314cad a22002175a 4500
001 L152337
008 110221e2011 xxk f 000 0 eng d
035 _a(Sirsi) u152337
041 0 _aeng
050 0 4 _a333.33 $2 18
110 2 _aProperty Industry Alliance
_95725
245 0 0 _aUpdate on UK commercial property debt risk
260 _aLondon
_bProperty Industry Alliance
_c2011
520 _aPresented at the Bank of England Commercial Property Forum event on 28th January 2011, this update summarises the current condition of the UK commercial property market with regard to bank and other debt finance. Bank exposure to UK commercial property remains high, largely secured by secondary or tertiary quality properties. Values for high quality properties have risen but many poor quality usually highly leveraged properties have seen their value continuing to fall. The risk of debt service breaches is rising for secondary and tertiary property.
590 _aKA NTK
651 4 _aUnited Kingdom
_y
690 _aPROPERTY-COMMERCIAL PROPERTY-COMMERCIAL PROPERTY MARKET
690 _aPROPERTY-COMMERCIAL PROPERTY-COMMERCIAL PROPERTY FINANCE AND INVESTMENT
856 4 0 _uhttps://www.bcsc.org.uk/documents/get_lob?id=74&age=&field=file
_zView this update free of charge at www.bcsc.org.uk
942 _n0
999 _c112005
_d112005